[Event "Nogent le Retrou op"]
[Site "Nogent le Retrou "]
[Date "2005.03.26"]
[Round "3"]
[White "Bonnard, Yann"]
[Black "Jaillet, Michel"]
[Result "0-1"]
[WhiteElo "1530"]
[BlackElo "1560"]
[PlyCount "69"]
[EventDate "2005.03.25"]
[EventType "swiss"]
[EventRounds "9"]
[EventCountry "FRA"]
[SourceTitle "EXT 2007"]
[Source "ChessBase"]
[SourceDate "2006.11.23"]
[SourceVersion "1"]
[SourceVersionDate "2006.11.23"]
[SourceQuality "1"]

1. d4 d5 2. Nf3 e6 3. Bf4 Nf6 4. Nbd2 c5 5. c3 Nc6 6. e3 Be7 7. dxc5 Bxc5 8. Bb5 Bd7 9. Nb3 Bb6 10. 0-0 0-0 11. Bd3 h6 12. Nbd4 Re8 13. Nxc6 Bxc6 14. Ne5 Rc8 15. Nxc6 Rxc6 16. Bb5 Qc8 17. Be5 Nd7 18. Bxc6 Qxc6 19. Bg3 e5 20. Qc2 e4 21. Qd2 Nc5 22. Rab1 Nd3 23. Kh1 f5 24. f3 g6 25. fxe4 dxe4 26. h3 Qc4 27. b3 Qe6 28. Bf4 Kg7 29. Qe2 Qf6 30. Bh2 Qh4 31. g3 Qg5 32. Rf4 Nxf4 33. gxf4 Qf6 34. Rd1 Rd8 35. Rc1 0-1

[Event "Plancoet op 2nd"]
[Site "Plancoet"]
[Date "2002.07.29"]
[Round "4.34"]
[White "Bonnard, Yann"]
[Black "Le Perf, Henri"]
[Result "0-1"]
[WhiteElo "1410"]
[BlackElo "1630"]
[PlyCount "32"]
[EventDate "2002.07.23"]
[EventType "swiss"]
[EventRounds "9"]
[EventCountry "FRA"]
[SourceTitle "EXT 2003"]
[Source "ChessBase"]
[SourceDate "2002.11.25"]
[SourceVersion "1"]
[SourceVersionDate "2002.11.25"]
[SourceQuality "1"]

1. d4 d5 2. c4 e6 3. cxd5 exd5 4. Nc3 Nf6 5. Bg5 Nbd7 6. Nxd5 Nxd5 7. Qc1 Bb4+ 8. Bd2 Bxd2+ 9. Qxd2 0-0 10. Rc1 N7f6 11. f3 Re8 12. e4 Nxe4 13. fxe4 Qh4+ 14. g3 Qxe4+ 15. Qe2 Bf5 16. Bg2 Qxg2 0-1